000 00302nam a2200145Ia 4500
100 _aVigyan Ashram
650 _aGeneral
942 _cRB
654 _aInstruction Manual
245 _aInstruction Manual
260 _bVigyan Ashram
_aPune
_c1993
300 _a23
546 _aMARATHI
999 _c32085
_d32085